00987nam a2200253 a 450000100100000000500170001000800410002702000180006804000250008608200170011110000270012824500880015526000670024330000280031049000460033849000510038450000430043550400320047865000430051065000580055365000230061183000480063483000510068200002383120250908124813.0110114s2008 dr a 000 0 spa d a9789945434019 aDO-SdBNPbspacBNPHU a614.1bM827b1 aMora, Wilfredo,d1965-10aBreviario de medicina legal en la República Dominicana /cWilfredo Mora García. aSanto Domingo :bSociedad Dominicana de Criminología,c2008. a479 p. :bil. ;c24 cm.1 aPensamiento Criminológico Dominicanov21 aInformes de Criminología y Ciencias Forenses aIncluye notas al pie de las páginas. aBibliografía : p. 447-453 4aMedicina legalzRepública Dominicana 4aMedicina legalxLegislaciónzRepública Dominicana 0aCiencias forenses  0aPensamiento Criminológico Dominicano ;n2 0aInformes de Criminología y Ciencias Forenses